000 00634cam a2200193 a 4500
020 _a0471825646
020 _z0471886009 :
_c$28.95
050 0 0 _aQD31.2
_b.M344 1985
100 1 _aMalone, Leo J.,
_d1938-
245 1 0 _aBasic concepts of chemistry /
_cLeo J. Malone.
250 _a2nd ed.
260 _aNew York :
_bWiley,
_cc1985.
300 _axviii, 603 p. :
500 _aOn cover: Computerized version.
500 _aAccompanied by "The chemistry tutor" (11 p. ; 22 cm.) in pocket.
500 _aSystem requirements for tutorial disk: Apple II+ or IIe; DOS 3.3; 1 disk drive.
500 _aIncludes index.
942 _cGEN
_2lcc
999 _c2816
_d2816